书目信息 |
| 题名: |
感觉良好
|
|
| 作者: | 刘翔平, 著 | |
| 分册: | ||
| 出版信息: | 北京 中国经济出版社 2007.01 |
|
| 页数: | 266页 | |
| 开本: | 21cm | |
| 丛书名: | ||
| 单 册: | ||
| 中图分类: | B842.6-49 | |
| 科图分类: | ||
| 主题词: | 认知科学--ren zhi ke xue--情绪--自我控制--通俗读物 | |
| 电子资源: | ||
| ISBN: | 978-7-5017-7676-4 | |
| 000 | 01022nam0 2200253 450 | |
| 001 | 012008410124 | |
| 005 | 20080508081205.48 | |
| 010 | @a978-7-5017-7676-4@dCNY22.00 | |
| 100 | @a20080508d2007 em y0chiy0120 ea | |
| 101 | 0 | @achi |
| 102 | @aCN@b110000 | |
| 105 | @ay a 000yy | |
| 106 | @ar | |
| 200 | 1 | @a感觉良好@Agan jue liang hao@e认知改变心情@f刘翔平著@Fliu xiang ping zhu |
| 210 | @a北京@c中国经济出版社@d2007.01 | |
| 215 | @a266页@d21cm | |
| 320 | @a有书目 | |
| 330 | @a本书是一部有关通过改变想法来改变情绪的自助十牛读物,以富有哲理的语言介绍了认知疗泫的原理、人生哲学和理念,结合火量咨询的个案和生活的事例,阐述了,一个人应当如何正确对待自我、他人和世界,如何从我不好、你不好和世界不好的消极心态,走向我好、你好、世界好的积极心态。 | |
| 517 | 1 | @a认知改变心情@Aren zhi gai bian xin qing |
| 606 | 0 | @a认知科学@Aren zhi ke xue@x情绪@x自我控制@j通俗读物 |
| 690 | @aB842.6-49@v4 | |
| 701 | 0 | @a刘翔平,@Aliu xiang ping@f1959- @4著 |
| 801 | 0 | @aCN@bQSSK@c20080508 |
| 905 | @b707420-22@dB842.6-49@eL694@f3 | |
| 感觉良好:认知改变心情/刘翔平著.-北京:中国经济出版社,2007.01 |
| 266页;21cm |
| ISBN 978-7-5017-7676-4:CNY22.00 |
| 本书是一部有关通过改变想法来改变情绪的自助十牛读物,以富有哲理的语言介绍了认知疗泫的原理、人生哲学和理念,结合火量咨询的个案和生活的事例,阐述了,一个人应当如何正确对待自我、他人和世界,如何从我不好、你不好和世界不好的消极心态,走向我好、你好、世界好的积极心态。 |
| ● |
| 相关链接 |
|
|
|
正题名:感觉良好
索取号:B842.6-49/L694
 
预约/预借
| 序号 | 登录号 | 条形码 | 馆藏地/架位号 | 状态 | 备注 |
| 1 | 707420 | 207074208 | 社科库509/509社科库 37排3列1层/ [索取号:B842.6-49/L694] | 在馆 | |
| 2 | 707421 | 207074217 | 社科库509/509社科库 37排3列1层/ [索取号:B842.6-49/L694] | 在馆 | |
| 3 | 707422 | 207074226 | 社科库509/509社科库 37排3列1层/ [索取号:B842.6-49/L694] | 在馆 |